| 000 | 01044nam a22002775a 4500 | ||
|---|---|---|---|
| 001 | 15302980 | ||
| 005 | 20080522124940.0 | ||
| 008 | 080522s2008 nyu 000 0 eng | ||
| 010 | _a 2008929617 | ||
| 020 | _a9780387746128 | ||
| 020 | _a0387746099 (hardcover : alk. paper) | ||
| 040 |
_aDLC _cDLC |
||
| 082 |
_222 _a671.2 _bSTE |
||
| 100 | 1 |
_aStefanescu, Doru M. _93975 |
|
| 245 | 1 | 0 |
_aScience and engineering of casting solidification, second edition / _cDoru M. Stefanescu. |
| 250 | _a2nd ed. | ||
| 260 |
_aNew York : _bSpringer, _c2008. |
||
| 263 | _a0809 | ||
| 300 |
_a402p.: _bill.; _c24 cm. |
||
| 504 | _aIncludes bibliographial references and index | ||
| 650 |
_93974 _aSolidification _x--Mathematical models. |
||
| 650 |
_93973 _aMetal castings _x-- Mathematical models. |
||
| 942 |
_2ddc _cBB |
||
| 999 |
_c11363 _d11363 |
||